000 03257cam a22004934i 4500
003 PE-LiUPU
005 20250731165602.0
008 150625s r 000 0 d
020 _a8477384584
035 _a(Sirsi) i9788477384588
040 _aPE-LiUPU
_bspa
_cPE-LiUPU
_erda
049 _aPRUA
082 0 4 _a070.19
_bC36
_221
100 1 _aCebrián Herreros, Mariano,
_eautor.
245 1 0 _aInformación televisiva :
_bmediaciones, contenidos, expresión y programación /
_cMariano Cebrián Herreros.
264 1 _aMadrid :
_bSíntesis,
_c2003.
300 _a543 páginas ;
_c23 centímetros
336 _atext
_2rdacontent
337 _aunmediated
_2rdamedia
338 _avolume
_2rdacarrier
504 _aIncluye bibliografía.
505 0 _aLa televisión como medio de información. -Contexto televisivo de la información y sus interacciones. -Contexto hitórico y prospectivo. -Proceso técnico de producción. -Diversificación de las ofertas según las modalidades y ámbitos de difusión. -Diversificación de enfoques según la organización e identidad de canales. -Diversificación por la recepción técnica y por la fragmentación de audiencias. -Organización de los contenidos informativos. -Concepción y exigencias de la información televisiva. -Organización y estructura de las noticias televisivas. -Organización y estructura del relato de hechos, datos y documentos escritos. -Organización y estructura del relato de declaraciones y testimonios orales. -Ampliación, contextualización, versiones y complementariedad de las noticias. -Expresión y estilo informativos televisivos. -De la expresión audiovisual a la televisiva. -Tratamiento de la información en directo y en diferido. -Códigos de expresividad y estilo televisivo informativo. -Organización y visualización de la información televisiva. -Sincronismo / Asincronismo / antisincronismo audiovisual. -Programación de la actualidad y programas informativos. -Organización de la programación televisiva. -Integración de la información en la continuidad programática. -Programaciones televisivas informativas. -Concepción, diseño, estructura y tipos de programas informativos. -Programas informativos según formatos (I): los noticieros. -Programas según formatos (II): magazines, talk show, reality show o "infortáculos". -Programas especializados según contenidos.
526 _aSEG44
526 _aSEG26
526 _aP151
526 _aP150
526 _aP149
526 _aP146
526 _aP145
526 _aP126
526 _aP125
526 _aP92
526 _aP75
526 _aP74
526 _aP27
526 _aP15
541 _g001-0028290;
650 0 4 _aPeriodismo audiovisual.
942 _2ddc
_cBOOK
949 _a070.19 C36
_wDEWEY
_c1
_i58286
_d2016-10-13
_e2016-10-10
_lCCODEBUL1
_mBUL
_n3
_r0
_sY
_tBOOK
_u2015-6-25
_xEDUCACION
_PP20
_0COMPRA
_o.STAFF. Colección General
994 _aC0
_bPEPRU
596 _a1
999 _a070.19 C36
_wDEWEY
_c47227
_i58286
_d47227
_e2018-5-20
_f2021-11-8
_g5
_lCCODEBUL1
_mBUL
_n5
_q1
_r0
_sY
_tBOOK
_u2015-6-25
_xEDUCACION
_PP20
_0COMPRA
_o.STAFF. Colección General
980 _81
_gALBERTO SANCHEZ Responsable de Automatización